Normal view MARC view

Entry Nombre corporativo

Number of records used in: 1

001 - NÚMERO DE CONTROL

  • campo de control: 25984

003 - IDENTIFICADOR DE NÚMERO DE CONTROL

  • campo de control: OSt

005 - FECHA Y HORA DE LA ÚLTIMA TRANSACCIÓN

  • campo de control: 20221005160536.0

008 - ELEMENTOS DE DATO DE LONGITUD-FIJA

  • campo de control de longitud fija: 221005|| aca||aabn | a|a d

040 ## - FUENTE DE CATALOGACIÓN

  • Centro catalogador/agencia de origen: OSt
  • Centro/agencia transcriptor: OSt

110 ## - ENCABEZAMIENTO-NOMBRE DE ENTIDAD CORPORATIVA

  • Nombre de entidad corporativa o nombre de jurisdicción como elemento de entrada: ORGANIZAION INTERNACIONAL DEL TRABAJO
  • Unidad subordinada: Oficina Internacional del Trabajo
  • Sede del congreso/Lugar de la reunión: Ginebra

670 ## - FUENTE DE DATOS ENCONTRADOS

  • Cita de la fuente: Work cat.: (OSt)31508: HACER DEL TRABAJO DECENTE UNA REALIDAD PARA TODOS Montevideo 2005 25983, Seminario Inter-Regional Hacer del Trabajo Decente una realidad para todos, Montevideo, Uruguay, 3 al 5 de Octubre de 2005, D.L. 2005

Powered by Koha